000 00393nam a2200157Ia 4500
008 220216s9999 xx 000 0 und d
100 _aVanaga V
245 0 _aAdvantages of controlled upward tapping
260 _bPlanters Bulletin
_c1987
300 _a27-34
650 _aCUT
700 _aAhmad Mohd Rawian
700 _aKow Phang Ah
700 _aShahabuddin Mohd Yusoff
942 _cJS
999 _c53894
_d53894